[Event "Hull 4NCL op"]
[Site "Hull"]
[Date "2019.11.02"]
[Round "3"]
[White "Wall, Tim"]
[Black "Smith, Simon C"]
[Result "1-0"]
[WhiteElo "2234"]
[BlackElo "1871"]
[PlyCount "111"]
[EventDate "2019.11.01"]
[EventType "swiss"]
[EventRounds "5"]
[EventCountry "ENG"]
[SourceTitle "CBM 192 Extra"]
[Source "Chessbase"]
[SourceDate "2019.11.06"]
[SourceVersion "1"]
[SourceVersionDate "2019.11.06"]
[SourceQuality "1"]

1. e4 d6 2. Nc3 Nf6 3. Bc4 g6 4. d3 Bg7 5. f4 c6 6. Bb3 b5 7. a3 0-0 8. Nf3 Bg4 9. 0-0 Qb6+ 10. Kh1 Nbd7 11. Qe1 e5 12. f5 gxf5 13. exf5 Bxf3 14. Rxf3 d5 15. Be3 Qc7 16. Qh4 Kh8 17. Bg5 Rae8 18. Rh3 e4 19. d4 e3 20. Bxe3 Rg8 21. Bg5 Qd6 22. Bf4 Qe7 23. g4 Nf8 24. g5 Ne4 25. f6 Bxf6 26. gxf6 Qe6 27. Rg1 Qxh3 28. Rxg8+ Kxg8 29. Qxh3 Nf2+ 30. Kg2 Nxh3 31. Kxh3 Nd7 32. Kg3 Nxf6 33. Kf3 Ne4 34. Na2 a5 35. a4 b4 36. Nc1 Re7 37. Nd3 f6 38. Nc5 Nxc5 39. dxc5 Kg7 40. Bd6 Rb7 41. Ke3 Kf7 42. Kd3 Ke6 43. c4 bxc3 44. Kxc3 f5 45. Bd1 Rb4 46. b3 Rh4 47. Bc7 f4 48. Kd3 Kf5 49. Bxa5 Rh3+ 50. Kd4 Rxh2 51. Bc3 h5 52. b4 h4 53. b5 Rg2 54. b6 Ke6 55. b7 Rg8 56. Bg4+ 1-0

[Event "West Bromwich Midland op-A"]
[Site "West Bromwich"]
[Date "2017.08.12"]
[Round "3"]
[White "Bryant, Richard BE"]
[Black "Smith, Simon C"]
[Result "1-0"]
[WhiteElo "1997"]
[BlackElo "1912"]
[PlyCount "107"]
[EventDate "2017.08.11"]
[EventType "swiss"]
[EventRounds "5"]
[EventCountry "ENG"]
[SourceTitle "CBM 180 Extra"]
[Source "ChessBase"]
[SourceDate "2017.10.06"]
[SourceVersion "1"]
[SourceVersionDate "2017.10.06"]
[SourceQuality "1"]

1. e4 c5 2. Nc3 a6 3. g3 b5 4. Bg2 Bb7 5. d3 e6 6. f4 Nf6 7. Nh3 d5 8. e5 Nfd7 9. 0-0 g6 10. a4 b4 11. Ne2 Nc6 12. Be3 Qc7 13. Ng5 h6 14. Nf3 Rc8 15. Bf2 a5 16. Re1 Ba6 17. c3 c4 18. d4 Bg7 19. g4 h5 20. h3 Ne7 21. Nh4 hxg4 22. hxg4 Bh6 23. Nf3 Nb6 24. Bh4 Rb8 25. Kf2 Bg7 26. Rh1 Bc8 27. Bf6 Rxh1 28. Qxh1 Bf8 29. Ng5 Ng8 30. Qh8 Nxf6 31. exf6 Nd7 32. Nh7 Qd6 33. Nxf8 Qxf8 34. Qg7 bxc3 35. bxc3 Rb2 36. Rh1 Qa3 37. Bf3 Kd8 38. Rh8+ Kc7 39. Qg8 Nb6 40. Qd8+ Kb8 41. Kg3 Qxa4 42. Qd6+ Kb7 43. Rf8 Qd7 44. Qa3 Rb5 45. Ng1 a4 46. Bd1 Rb1 47. Nf3 Rxd1 48. Ne5 Qb5 49. Rxf7+ Bd7 50. Nxd7 Nxd7 51. Qd6 Rd3+ 52. Kh4 Kc8 53. Re7 a3 54. f7 1-0

[Event "West Bromwich Midland op-A"]
[Site "West Bromwich"]
[Date "2017.08.11"]
[Round "1"]
[White "Sneberg, John"]
[Black "Smith, Simon C"]
[Result "1-0"]
[WhiteElo "2179"]
[BlackElo "1912"]
[PlyCount "77"]
[EventDate "2017.08.11"]
[EventType "swiss"]
[EventRounds "5"]
[EventCountry "ENG"]
[SourceTitle "CBM 180 Extra"]
[Source "ChessBase"]
[SourceDate "2017.10.06"]
[SourceVersion "1"]
[SourceVersionDate "2017.10.06"]
[SourceQuality "1"]

1. e4 c5 2. Nf3 a6 3. c4 e6 4. Nc3 d6 5. d4 cxd4 6. Nxd4 Nf6 7. Nc2 Be7 8. Be2 0-0 9. Be3 b6 10. Qd2 Bb7 11. f3 Qc7 12. g4 Nc6 13. g5 Nd7 14. h4 Rfd8 15. h5 Nce5 16. b3 Rac8 17. f4 Nc6 18. g6 Nf6 19. Bf3 d5 20. gxf7+ Kh8 21. h6 g6 22. exd5 Nb4 23. Nxb4 Bxb4 24. Bd4 Qxf7 25. a3 Bc5 26. Ne4 Bxd4 27. Qxd4 e5 28. fxe5 Nxe4 29. Bxe4 Kg8 30. e6 Qe7 31. 0-0-0 Qxa3+ 32. Qb2 Qxb2+ 33. Kxb2 Rd6 34. Rdf1 b5 35. Rf7 Rxe6 36. Rg7+ Kh8 37. dxe6 Bxe4 38. Rd1 bxc4 39. bxc4 1-0

[Event "BCF-chT3 1415 (4NCL)"]
[Site "England"]
[Date "2015.03.22"]
[Round "8.119"]
[White "Pugh, Glyn D"]
[Black "Smith, Simon C"]
[Result "0-1"]
[WhiteElo "1855"]
[BlackElo "1905"]
[PlyCount "62"]
[EventDate "2015.03.21"]
[EventType "team-swiss"]
[EventRounds "11"]
[EventCountry "ENG"]
[SourceTitle "EXT 2016"]
[Source "ChessBase"]
[SourceDate "2015.10.08"]
[SourceVersion "1"]
[SourceVersionDate "2015.10.08"]
[SourceQuality "1"]
[WhiteTeam "Shropshire"]
[BlackTeam "Warwicks Select II"]
[WhiteTeamCountry "ENG"]
[BlackTeamCountry "ENG"]

1. d4 e6 2. e4 d5 3. Nc3 Nf6 4. Bg5 dxe4 5. Nxe4 Be7 6. Nxf6+ Bxf6 7. Bxf6 Qxf6 8. Nf3 0-0 9. Bd3 c5 10. 0-0 cxd4 11. Nxd4 e5 12. Nb5 Nc6 13. Nc7 Rb8 14. Nd5 Qh4 15. Re1 Bg4 16. f3 Be6 17. Re4 Qd8 18. c4 Bxd5 19. cxd5 Qxd5 20. Rc4 Rfd8 21. Be2 Qxc4 22. Bxc4 Rxd1+ 23. Rxd1 Rd8 24. Re1 Kf8 25. b4 Rd4 26. Bb5 Rxb4 27. Bxc6 bxc6 28. Rxe5 Rb1+ 29. Kf2 Rb2+ 30. Kg3 Rxa2 31. Rc5 Ra6 0-1

[Event "Sunningdale e2e4 U2050 op 05"]
[Site "Sunningdale"]
[Date "2014.05.25"]
[Round "5"]
[White "Smith, Simon C"]
[Black "Dydak, Mateusz"]
[Result "1-0"]
[WhiteElo "1880"]
[BlackElo "1923"]
[PlyCount "147"]
[EventDate "2014.05.23"]
[EventType "swiss"]
[EventRounds "7"]
[EventCountry "ENG"]
[SourceTitle "EXT 2015"]
[Source "ChessBase"]
[SourceDate "2014.11.20"]
[SourceVersion "1"]
[SourceVersionDate "2014.11.20"]
[SourceQuality "1"]

1. c4 f5 2. g3 Nf6 3. Bg2 g6 4. Nc3 Bg7 5. d3 d6 6. e4 c6 7. Nge2 0-0 8. 0-0 fxe4 9. dxe4 Bg4 10. h3 Be6 11. b3 Kh8 12. Bb2 Bg8 13. Qd2 Nbd7 14. Rad1 Qa5 15. Nd4 e5 16. Nc2 Ne8 17. Ba3 c5 18. Nb5 Qxd2 19. Rxd2 Rf6 20. Rfd1 Bf8 21. Ne3 a6 22. Nc3 Nb6 23. Bb2 g5 24. a4 Ng7 25. a5 Nc8 26. Ncd5 Rf7 27. Ng4 Ne6 28. Nge3 Nd4 29. Bxd4 cxd4 30. Nf5 Rd7 31. g4 Bxd5 32. exd5 Ne7 33. Nxe7 Bxe7 34. Be4 Rc7 35. Kf1 Rf8 36. Bf5 Bd8 37. Ra2 Kg7 38. Ke2 Rc5 39. Rda1 Rxf5 40. gxf5 Kf6 41. Kd3 Kxf5 42. f3 Rc7 43. b4 Kf4 44. Rg1 Bf6 45. Raa1 h6 46. Rac1 Be7 47. Rg4+ Kf5 48. Rg2 Kf4 49. Rg4+ Kf5 50. Re4 Rc8 51. Rc2 Bd8 52. c5 dxc5 53. Rxc5 Rxc5 54. bxc5 Bxa5 55. h4 Bd8 56. hxg5 Bxg5 57. c6 bxc6 58. dxc6 Bd8 59. Rg4 Kf6 60. Rg8 Ke7 61. Rh8 Bc7 62. Rxh6 a5 63. Kc4 Kd8 64. Re6 Bb8 65. Rh6 Bc7 66. Kd5 a4 67. Ke6 Bb6 68. Rh8+ Kc7 69. Kd5 d3 70. Rh1 a3 71. Kxe5 a2 72. Ra1 d2 73. Kd5 Kd8 74. f4 1-0

[Event "Sunningdale e2e4 U2050 op 05"]
[Site "Sunningdale"]
[Date "2014.05.23"]
[Round "1"]
[White "Smith, Simon C"]
[Black "Benson, Sean T"]
[Result "1-0"]
[WhiteElo "1880"]
[BlackElo "1920"]
[PlyCount "59"]
[EventDate "2014.05.23"]
[EventType "swiss"]
[EventRounds "7"]
[EventCountry "ENG"]
[SourceTitle "EXT 2015"]
[Source "ChessBase"]
[SourceDate "2014.11.20"]
[SourceVersion "1"]
[SourceVersionDate "2014.11.20"]
[SourceQuality "1"]

1. c4 Nf6 2. Nc3 g6 3. e4 d6 4. d4 Bg7 5. Nf3 0-0 6. Be2 c5 7. d5 Nbd7 8. Bg5 h6 9. Bf4 Qa5 10. Qd2 Kh7 11. h3 Nh5 12. Be3 Nhf6 13. g4 Ne8 14. h4 Nb6 15. h5 g5 16. Nxg5+ hxg5 17. Bxg5 e5 18. Be7 Rh8 19. g5 Kg8 20. 0-0-0 Na4 21. Nxa4 Qxa4 22. h6 Bf8 23. h7+ Kg7 24. g6 fxg6 25. Qh6+ Kf7 26. Bxf8 Bg4 27. f3 Bh5 28. Rxh5 gxh5 29. Rg1 Rxf8 30. Qe6# 1-0

[Event "West Bromwich e2e4 op"]
[Site "West Bromwich"]
[Date "2014.02.22"]
[Round "2"]
[White "Smith, Simon C"]
[Black "Wood, Peter R"]
[Result "1-0"]
[WhiteElo "1848"]
[BlackElo "1961"]
[PlyCount "121"]
[EventDate "2014.02.21"]
[EventType "swiss"]
[EventRounds "5"]
[EventCountry "ENG"]
[SourceTitle "CBM 159 Extra"]
[Source "ChessBase"]
[SourceDate "2014.04.24"]
[SourceVersion "1"]
[SourceVersionDate "2014.04.24"]
[SourceQuality "1"]

1. c4 e5 2. Nc3 Nc6 3. Nf3 g6 4. d4 exd4 5. Nxd4 Bg7 6. Nxc6 bxc6 7. Qc2 Ne7 8. g3 0-0 9. Bg2 d5 10. cxd5 cxd5 11. Bg5 c6 12. 0-0 h6 13. Be3 Bf5 14. Qa4 Qd7 15. Rfd1 Nc8 16. Bc5 Nb6 17. Qf4 g5 18. Qc1 Rfe8 19. Bd4 Qe7 20. Bxg7 Kxg7 21. b3 Rad8 22. e3 f6 23. Qb2 Qe5 24. Rac1 Kg6 25. Qa3 Rd7 26. Na4 Rc7 27. Nc5 Qe7 28. Qb4 Rec8 29. Qd4 Qe5 30. e4 Bxe4 31. Bxe4+ dxe4 32. Qxe5 fxe5 33. Rd6+ Kg7 34. Nxe4 Nd5 35. Nc5 Kh7 36. Ne6 Re7 37. Nc5 e4 38. Na6 e3 39. fxe3 Nxe3 40. Rcxc6 Rxc6 41. Rxc6 Rf7 42. Rc7 Kg7 43. Rxf7+ Kxf7 44. Nb8 Nd5 45. Nc6 a6 46. Kf2 Ke6 47. Kf3 h5 48. h3 Nc3 49. a4 Nd5 50. a5 Kd6 51. Nd4 Ke5 52. Nc2 Kf5 53. Ne3+ Ke5 54. Nxd5 Kxd5 55. h4 gxh4 56. gxh4 Kc5 57. Kf4 Kb4 58. Kg5 Kxb3 59. Kxh5 Ka4 60. Kg5 Kxa5 61. h5 1-0

[Event "BCF-ch Major op"]
[Site "Torquay"]
[Date "2013.08.09"]
[Round "11.98"]
[White "Smith, Simon C"]
[Black "Garnett, John S"]
[Result "1-0"]
[WhiteElo "1799"]
[BlackElo "2023"]
[PlyCount "77"]
[EventDate "2013.07.29"]
[EventType "swiss"]
[EventRounds "11"]
[EventCountry "ENG"]
[SourceTitle "EXT 2023"]
[Source "ChessBase"]
[SourceDate "2022.10.05"]
[SourceVersion "1"]
[SourceVersionDate "2022.10.05"]
[SourceQuality "1"]

1. c4 e5 2. Nc3 Nc6 3. a3 g6 4. b4 Bg7 5. Bb2 Nge7 6. e3 d6 7. d3 0-0 8. Nf3 f5 9. Qc2 f4 10. b5 Nb8 11. e4 Nd7 12. a4 Nc5 13. h3 c6 14. Be2 Be6 15. Ng5 Qd7 16. Nxe6 Nxe6 17. Bg4 Nd4 18. Qd1 Qc7 19. Ne2 Nxe2 20. Qxe2 a6 21. 0-0 Kh8 22. Rfc1 Ng8 23. c5 Rfd8 24. bxc6 Qxc6 25. Ba3 d5 26. exd5 Qxd5 27. Bf3 Qd7 28. c6 bxc6 29. Bxc6 Qf7 30. Bxa8 Rxa8 31. Qe4 Re8 32. Rab1 Nf6 33. Qb7 Qe6 34. Rc7 Bh6 35. Rb6 Qf5 36. Rxf6 Qxf6 37. Rxh7+ Kg8 38. Rxh6 Qg7 39. Qd5+ 1-0

[Event "BCF-ch Major op"]
[Site "Torquay"]
[Date "2013.08.08"]
[Round "10.101"]
[White "Fryer, David William"]
[Black "Smith, Simon C"]
[Result "0-1"]
[WhiteElo "2003"]
[BlackElo "1799"]
[PlyCount "80"]
[EventDate "2013.07.29"]
[EventType "swiss"]
[EventRounds "11"]
[EventCountry "ENG"]
[SourceTitle "EXT 2023"]
[Source "ChessBase"]
[SourceDate "2022.10.05"]
[SourceVersion "1"]
[SourceVersionDate "2022.10.05"]
[SourceQuality "1"]

1. e4 e6 2. d3 d5 3. Nd2 c5 4. Ngf3 Nc6 5. c3 Nf6 6. Be2 Be7 7. 0-0 0-0 8. a3 d4 9. cxd4 cxd4 10. b4 b5 11. Bb2 e5 12. Rc1 Qb6 13. Nb3 Bd6 14. Nh4 Re8 15. g4 a5 16. g5 Nd7 17. Nf5 Bf8 18. bxa5 Nxa5 19. Nbxd4 exd4 20. Bxd4 Qd8 21. f4 Nb6 22. Be5 Ra7 23. Qe1 Bxf5 24. exf5 Nb3 25. Rc3 Nd4 26. Bg4 Na4 27. Rc1 Bxa3 28. Qf2 Bxc1 29. Rxc1 Rd7 30. Bxg7 Kxg7 31. f6+ Kh8 32. Qh4 Rc7 33. Rf1 Nc3 34. Qh6 Rg8 35. f5 Nce2+ 36. Kf2 Rc2 37. h4 Qc7 38. Qg7+ Rxg7 39. fxg7+ Kxg7 40. f6+ Kg8 0-1

[Event "BCF-ch Major op"]
[Site "Torquay"]
[Date "2013.08.06"]
[Round "8.105"]
[White "McCarthy, Damian"]
[Black "Smith, Simon C"]
[Result "1-0"]
[WhiteElo "1895"]
[BlackElo "1799"]
[PlyCount "41"]
[EventDate "2013.07.29"]
[EventType "swiss"]
[EventRounds "11"]
[EventCountry "ENG"]
[SourceTitle "EXT 2023"]
[Source "ChessBase"]
[SourceDate "2022.10.05"]
[SourceVersion "1"]
[SourceVersionDate "2022.10.05"]
[SourceQuality "1"]

1. e4 c5 2. Nf3 e6 3. d4 cxd4 4. Nxd4 Nf6 5. Nc3 Nc6 6. Ndb5 Bc5 7. Nd6+ Ke7 8. Bf4 Qb6 9. Qe2 a6 10. Na4 Bxf2+ 11. Qxf2 Qb4+ 12. c3 Qxa4 13. Qc5 e5 14. Bxe5 Nxe5 15. Qxe5+ Kf8 16. Bc4 b5 17. Bd5 Rb8 18. 0-0 Qa5 19. Rxf6 Qb6+ 20. Kh1 gxf6 21. Qxf6 1-0

[Event "BCF-ch Major op"]
[Site "Torquay"]
[Date "2013.08.05"]
[Round "7.97"]
[White "Smith, Simon C"]
[Black "Jones, Chris"]
[Result "0-1"]
[WhiteElo "1799"]
[BlackElo "2066"]
[PlyCount "64"]
[EventDate "2013.07.29"]
[EventType "swiss"]
[EventRounds "11"]
[EventCountry "ENG"]
[SourceTitle "EXT 2023"]
[Source "ChessBase"]
[SourceDate "2022.10.05"]
[SourceVersion "1"]
[SourceVersionDate "2022.10.05"]
[SourceQuality "1"]

1. f4 Nf6 2. b3 d6 3. Bb2 Nbd7 4. Nf3 e5 5. e3 e4 6. Nd4 g6 7. Nc3 Bg7 8. Be2 a6 9. b4 c5 10. Nb3 cxb4 11. Nd5 a5 12. 0-0 a4 13. Nxf6+ Nxf6 14. Bxf6 Bxf6 15. Nd4 0-0 16. Rb1 Bxd4 17. exd4 Be6 18. Rxb4 Bxa2 19. f5 Bd5 20. c4 Be6 21. d5 Bd7 22. f6 Qc8 23. d4 exd3 24. Qd2 dxe2 25. Rf2 Re8 26. Rb1 e1Q+ 27. Rxe1 Rxe1+ 28. Qxe1 a3 29. Qc3 a2 30. Rf1 Qc5+ 31. Kh1 Qf2 32. Ra1 Bf5 0-1